000 00529nam a2200193Ia 4500
005 20250423101447.0
008 250422s9999 xx 000 0 und d
020 _a9780205028061
050 _aPE 1408 .M49/
100 _aMcWhorter, Kathleen T.
245 4 _aThe successful writer's handbook
250 _a2nd ed.
260 _aLongman
260 _bPearson
260 _c2012
300 _a586 p
650 _aEnglish language--Rhetoric--Handbooks, manuals, etc. Report writing--Handbooks, manuals, etc.
942 _cBK
999 _c36359
_d36359